Algebra lineal /
Guardado en:
| Autor Principal: | |
|---|---|
| Formato: | Libro |
| Idioma: | Spanish |
| Publicado: |
[Buenos Aires] :
Universidad de Buenos Aires, Facultad de Ciencias Exactas y Naturales, Departamento de Matemática,
1964.
|
| Series: | Cursos y seminarios de matemática ;
fasc. 12 |
| Etiquetas: |
Agregar Etiqueta
Sin Etiquetas, Sea el primero en etiquetar este registro!
|
| LEADER | 00877nam a22001815a 4500 | ||
|---|---|---|---|
| 001 | MAT.inmabb001435 | ||
| 008 | 031124s1964####ag############000#0#spa#d | ||
| 005 | 20130307104131.0 | ||
| 245 | 1 | 0 | |a Algebra lineal / |c Jean Dieudonné. |
| 260 | |a [Buenos Aires] : |b Universidad de Buenos Aires, Facultad de Ciencias Exactas y Naturales, Departamento de Matemática, |c 1964. | ||
| 300 | |a 151 p. ; |c 28 cm. | ||
| 440 | 0 | |a Cursos y seminarios de matemática ; |v fasc. 12 | |
| 500 | |a "Recopilación y redacción unificada de las exposiciones que se realizaron en el seminario [desarrollado] en el Centro Regional de Matemática para América Latina en los meses de agosto, setiembre y octubre [de 1961]." | ||
| 100 | 1 | |a Dieudonné, Jean Alexandre, |d 1906- | |
| 084 | |a 15 |2 msc2000 | ||
| 010 | |a 70241840 | ||
| 859 | |h 15 |i D567 |p A-1704 |b BIB. MATEMATICA | ||
| 859 | |h 15 |i D567 |p A-3172 |t Ej. 2 |b BIB. MATEMATICA | ||
